000 00411nam a22001577a 4500
999 _c5674
_d5672
005 20210909105405.0
008 180123b xxu||||| |||| 00| 0 eng d
020 _a978-93-85998-82-9
041 _aeng
082 _a571.2
100 _aDEVLIN, ROBERT M.
_94014
245 _aOUTLINE OF PLANT PHYSIOLOGY
_cROBERT M. DEVLIN
260 _bMEDTECH SCIENTIFIC INTERNATIONAL PVT.LTD
300 _a654p.
942 _cBK